[Event "IECC TH-T email"]
[Site "IECC email"]
[Date "2001.02.02"]
[Round "?"]
[White "Wood, Brian P"]
[Black "Van Dam, Carl"]
[Result "0-1"]
[WhiteElo "1204"]
[BlackElo "1674"]
[PlyCount "80"]
[EventDate "2001.??.??"]
[EventType "match (corr)"]
[EventRounds "2"]
[SourceTitle "Corr 2008"]
[Source "ChessBase"]
[SourceDate "2008.06.24"]
[SourceVersion "1"]
[SourceVersionDate "2008.06.24"]
[SourceQuality "1"]

1. d4 d5 2. c4 c6 3. Nf3 Nf6 4. Nc3 dxc4 5. a4 Bf5 6. e3 e6 7. Bxc4 Bb4 8. 0-0 Nbd7 9. Bd2 0-0 10. Re1 Bg6 11. Ne4 Be7 12. Nxf6+ Nxf6 13. Ne5 a5 14. Nxg6 hxg6 15. Qf3 Qb6 16. Bc3 Bb4 17. Bxb4 Qxb4 18. b3 Rad8 19. Rec1 Rd7 20. Ra2 Rfd8 21. h3 Qd6 22. Rd2 e5 23. Rcd1 Qb4 24. g3 Rd6 25. Kg2 b5 26. Bd3 exd4 27. Bc2 dxe3 28. Rxd6 Rxd6 29. Rxd6 Qxd6 30. Qxe3 Qd5+ 31. f3 b4 32. Qd3 Kf8 33. Qxd5 Nxd5 34. Kf2 g5 35. Be4 Ke7 36. Bxd5 cxd5 37. Ke3 Ke6 38. Kd4 Kd6 39. f4 gxf4 40. gxf4 Ke6 0-1

[Event "IECC TH-T email"]
[Site "IECC email"]
[Date "2000.10.23"]
[Round "?"]
[White "Bakk, Zoltan"]
[Black "Wood, Brian P"]
[Result "1-0"]
[WhiteElo "1881"]
[BlackElo "1200"]
[PlyCount "49"]
[EventDate "2000.??.??"]
[EventType "match (corr)"]
[EventRounds "2"]
[SourceTitle "Corr 2008"]
[Source "ChessBase"]
[SourceDate "2008.06.24"]
[SourceVersion "1"]
[SourceVersionDate "2008.06.24"]
[SourceQuality "1"]

1. d4 Nf6 2. c4 g6 3. Nc3 d5 4. Bf4 Bg7 5. e3 0-0 6. cxd5 Nxd5 7. Nxd5 Qxd5 8. Bxc7 Na6 9. Bxa6 bxa6 10. Nf3 Bf5 11. Qb3 Qc6 12. Qc3 Qxc3+ 13. bxc3 Rfc8 14. Ba5 Rab8 15. Bb4 Bf6 16. Nd2 Bd3 17. Nb3 Be4 18. f3 Bd5 19. Kf2 h5 20. Rab1 Be6 21. e4 Rxb4 22. cxb4 Rc2+ 23. Ke3 Bc4 24. Rbc1 Bxb3 25. axb3 1-0